Lo que cuestan 133 días de comunismo / (Record no. 89429)

MARC details
000 -LEADER
campo de control de longitud fija 00638nam a2200181 i 4500
001 - NÚMERO DE CONTROL
campo de control 89429
003 - IDENTIFICADOR DE NÚMERO DE CONTROL
campo de control ES-MaACL
005 - FECHA Y HORA DE LA ÚLTIMA TRANSACCIÓN
campo de control 20230906180153.0
007 - CAMPO FIJO DE DESCRIPCIÓN FÍSICA--INFORMACIÓN GENERAL
campo de control de longitud fija t|
008 - DATOS DE LONGITUD FIJA--INFORMACIÓN GENERAL
campo de control de longitud fija 050110s1934 sp ||||1| spa d
100 1# - ENTRADA PRINCIPAL--NOMBRE DE PERSONA
Nombre de persona Laporte, Maurice.
9 (RLIN) 70173
245 10 - MENCIÓN DEL TÍTULO
Título Lo que cuestan 133 días de comunismo /
Mención de responsabilidad, etc. Maurice Laporte ; traducción y prólogo del Vizconde de la Armeria.
260 ## - PUBLICACIÓN, DISTRIBUCIÓN, ETC.
Lugar de publicación, distribución, etc. Madrid :
Nombre del editor, distribuidor, etc. [s.n.],
Fecha de publicación, distribución, etc. 1934 (
Fabricante Gráfica Universal)
300 ## - DESCRIPCIÓN FÍSICA
Extensión 319 p. ;
Dimensiones 19 cm.
651 #4 - PUNTO DE ACCESO ADICIONAL DE MATERIA--NOMBRE GEOGRÁFICO
Nombre geográfico Hungría-
Subdivisión general Historia-
Subdivisión cronológica 1918-1919, revolución.
9 (RLIN) 8830
700 1# - ENTRADA AGREGADA--NOMBRE PERSONAL
Nombre de persona Álvarez de Toledo, Mariano
Títulos y otros términos asociados al nombre Vizconde de la Armería.
9 (RLIN) 164280
852 ## - LOCALIZACIÓN
Ubicación ES-MaACL
Número de control de estantería A-2103
Holdings
Estatus retirado Estado de pérdida Estado de daño No para préstamo Biblioteca de origen Biblioteca actual Ubicación en estantería Fecha de adquisición Fuente de adquisición Total de préstamos Signatura topográfica completa Código de barras Visto por última vez Precio de reemplazo Tipo de ítem Koha
        Biblioteca del Ateneo de Madrid Biblioteca del Ateneo de Madrid Sala Pecera Planta 1 17/01/2008     A-2103 1093398 23/02/2023 23/02/2023 Libro impreso